000 00838nam a2200241Ia 4500
003 OSt
005 20200929112631.0
008 191128s1978 ck a gr 000 0 spa d
040 _aCO-JMCR
_cCO-JMCR
041 0 _aspa
082 0 4 _a599 /
_b S594m
_223
100 1 _aSimon, Noel,
_eautor
_910946
245 1 0 _aMamiferos /
_cNoel Simon
260 _aBogotá :
_bNorma,
_c1978.
300 _a48 Páginas :
_bIlustraciones a color ;
_c27 cm.
490 0 _aLo extraño y lo maravilloso
505 0 _aMamíferos prehistóricos -- Mamíferos que desovan -- Marsupiales -- Mamíferos planeadores -- Mamíferos voladores -- Mamíferos acorazados -- Mirmecófagos -- Mamíferos oceánicos
650 2 4 _aMamíferos
_910947
650 2 4 _a Marsupiales
_910948
650 2 4 _aInsectívoros
_910949
799 _aWilcock Riley
942 _2ddc
_cBK
999 _c3727
_d3727